000 00940nmm a2200265 a 4500
001 ocm000643228
003 TR-IsHL
005 20201028133348.0
008 131121s2007 tu tur
007 cr cn
020 _a9789944578912
035 _a643228
_b(N$T)
050 0 4 _aHD9685.E82
_bD47 2007
090 0 4 _aHD9685.E82
_bD47 2007
245 1 0 _aDEMSEE 2007: deregulated electricity market issues in South - Eastern Europe, September 2
_h[electronic resource] /
_cedited by Levent Sevgi
260 _aİstanbul :
_bDoğuş Üniversitesi,
_c2007
300 _a228 p.
650 4 _aMühendislik ve Teknoloji
650 4 _aEngineering and Technology
650 0 _aElektrikli araçlar
650 0 _aElectric utilities
650 7 _aTECHNOLOGY & ENGINEERING / Engineering (General)
_2bisacsh
700 1 _aSevgi, Levent
856 4 0 _uhttp://search.ebscohost.com/login.aspx?direct=true&scope=site&db=e011xww&AN=643228
999 _c5599
_d5599